000 00498nam a2200181Ia 4500
005 20250326123552.0
008 250326s9999 xx 000 0 und d
037 _aTextbook
040 _aFMSL
_beng
_cFMSL
041 _aeng
_2eng
084 _aX:8(Y) P4
_qFMSL
100 _aDavidson M J
_9735500
245 0 _aWomen in management worldwide
_cDavidson M J; Burke R J
260 _aUSA
_bUSA, Ashgate
_c2004
300 _a354p
942 _cTB
_hX:8(Y) P4
999 _c1269962
_d1269962